000 00647nam a2200217 a 4500
999 _c2936
_d2936
001 2936
003 BD-JhCC
005 20171108171259.0
008 171108s1965 bg |||| ||a| 000 0 ben d
035 _a(BD-JhCC)2936
040 _aBD-JhCC
_dBD-JhCC
041 _aben
082 _a891.442
_bSHA 1965
100 _aশাইখ, আসকার ইবনে
245 _aঅনেক তারার হাতছানি /
_cআসকার ইবনে শাইখ
260 _aঢাকা :
_bবাংলা একাডেমী,
_c1965.
300 _a78 p. :
_c21 cm.
650 _aBengali Drama
942 _2ddc
_cBK